[Event "EU-chT Seniors 50"]
[Site "Dresden"]
[Date "2022.10.29"]
[Round "3.2"]
[White "Teuschler, Hugo"]
[Black "Schulenburg, Bernd"]
[Result "1-0"]
[WhiteElo "1997"]
[BlackElo "2174"]
[PlyCount "101"]
[EventDate "2022.10.27"]
[EventType "team-swiss"]
[EventRounds "9"]
[EventCountry "GER"]
[SourceTitle "EXT 2024"]
[Source "ChessBase"]
[SourceDate "2023.10.10"]
[SourceVersion "1"]
[SourceVersionDate "2023.10.10"]
[SourceQuality "1"]
[WhiteTeam "Graz 50"]
[BlackTeam "Magdeburg TU 50"]
[WhiteTeamCountry "AUT"]
[BlackTeamCountry "GER"]

1. e4 e5 2. Nf3 Nc6 3. Nc3 Bc5 4. d3 d6 5. Nd5 h6 6. Be3 Nf6 7. Nxf6+ Qxf6 8. c3 Bg4 9. h3 Bd7 10. Be2 0-0 11. 0-0 Rad8 12. Qd2 Qe7 13. b4 Bb6 14. a4 f5 15. exf5 Bxf5 16. Nh2 d5 17. a5 Bxe3 18. fxe3 d4 19. b5 dxc3 20. Qxc3 Nb4 21. e4 Bc8 22. Rxf8+ Kxf8 23. Nf3 Re8 24. Rb1 c5 25. bxc6 Nxc6 26. a6 Rd8 27. axb7 Bxb7 28. Nh4 Qxh4 29. Rxb7 Qf6 30. Qc4 Ne7 31. Rc7 Rb8 32. Qc1 Kg8 33. Bf1 a5 34. Rc4 Rf8 35. Qe1 Qb6+ 36. Kh2 Ng6 37. d4 exd4 38. e5 Re8 39. Qg3 Nxe5 40. Rc1 a4 41. Re1 Qc5 42. Bd3 a3 43. Bb1 Qd6 44. Kh1 Qc5 45. Qb3+ Kh8 46. Qf7 Rf8 47. Qe6 Nc6 48. Qg6 Kg8 49. Qh7+ Kf7 50. Ba2+ Kf6 51. Re6+ 1-0

[Event "WchT Seniors 50"]
[Site "Prague"]
[Date "2020.03.07"]
[Round "2.3"]
[White "Flear, Glenn C"]
[Black "Schulenburg, Bernd"]
[Result "1-0"]
[WhiteElo "2420"]
[BlackElo "2175"]
[PlyCount "39"]
[EventDate "2020.03.06"]
[EventType "team-swiss"]
[EventRounds "7"]
[EventCountry "CZE"]
[SourceTitle "CBM 195 Extra"]
[Source "ChessBase"]
[SourceDate "2020.05.31"]
[SourceVersion "1"]
[SourceVersionDate "2020.05.31"]
[SourceQuality "1"]
[WhiteTeam "England 50"]
[BlackTeam "Germany 50 III"]
[WhiteTeamCountry "ENG"]
[BlackTeamCountry "GER"]

1. d4 Nf6 2. c4 e6 3. Nc3 Bb4 4. e3 b6 5. Nge2 0-0 6. a3 Be7 7. e4 d6 8. Ng3 d5 9. e5 Ne8 10. cxd5 exd5 11. Bd3 c5 12. 0-0 Nc6 13. dxc5 d4 14. Be4 Bb7 15. Nd5 Bxc5 16. b4 Nxe5 17. Qh5 f5 18. Nxf5 Bxd5 19. Ne7+ Bxe7 20. Bxh7+ 1-0

[Event "Oberliga Baden 1516"]
[Site "Baden"]
[Date "2015.11.15"]
[Round "3.6"]
[White "Schulenburg, Bernd"]
[Black "Becker, Matthias1111"]
[Result "0-1"]
[WhiteElo "2175"]
[BlackElo "2167"]
[PlyCount "82"]
[EventDate "2015.09.20"]
[EventType "team-tourn"]
[EventRounds "9"]
[EventCountry "GER"]
[SourceTitle "EXT 2018"]
[Source "ChessBase"]
[SourceDate "2017.10.13"]
[SourceVersion "1"]
[SourceVersionDate "2017.10.13"]
[SourceQuality "1"]
[WhiteTeam "Handschuhsheim"]
[BlackTeam "Buchen"]
[WhiteTeamCountry "GER"]
[BlackTeamCountry "GER"]

1. e4 d6 2. d4 Nf6 3. Nc3 e5 4. dxe5 dxe5 5. Qxd8+ Kxd8 6. Bg5 Nbd7 7. Bc4 Ke8 8. 0-0-0 a6 9. Nf3 Bd6 10. h3 h6 11. Be3 b5 12. Bd5 Nxd5 13. Nxd5 Bb7 14. Rhe1 Bxd5 15. exd5 Kf8 16. g4 g6 17. Re2 Kg7 18. c4 bxc4 19. Rc2 f5 20. Rxc4 Rhf8 21. gxf5 Rxf5 22. Nd2 Nf6 23. Ne4 Nxe4 24. Rxe4 Kf7 25. Kc2 h5 26. Ra4 g5 27. a3 Rf3 28. b4 Rxh3 29. Bxg5 Rg8 30. Be3 Rg2 31. Re1 h4 32. Rxa6 Rf3 33. Rc6 h3 34. Kd3 Rgxf2 35. Ke4 Rf1 36. Re2 Rg3 37. b5 Rg4+ 38. Kd3 e4+ 39. Kd2 h2 40. Rxh2 Bxh2 41. a4 Be5 0-1

[Event "Verbandsliga Nord Baden 1213"]
[Site "Baden"]
[Date "2013.04.21"]
[Round "9.7"]
[White "Rastert, Ralf"]
[Black "Schulenburg, Bernd"]
[Result "0-1"]
[WhiteElo "2104"]
[BlackElo "2176"]
[PlyCount "50"]
[EventDate "2012.10.21"]
[EventType "team-tourn"]
[EventRounds "9"]
[EventCountry "GER"]
[SourceTitle "EXT 2014"]
[Source "ChessBase"]
[SourceDate "2013.11.20"]
[SourceVersion "1"]
[SourceVersionDate "2013.11.20"]
[SourceQuality "1"]
[WhiteTeam "Mosbach"]
[BlackTeam "Heidelberg"]
[WhiteTeamCountry "GER"]
[BlackTeamCountry "GER"]

1. e4 e5 2. f4 Bc5 3. Nf3 d6 4. Nc3 Nc6 5. Na4 exf4 6. Nxc5 dxc5 7. Bb5 Bd7 8. d3 Qf6 9. Qd2 g5 10. h4 h6 11. Bxc6 Bxc6 12. Qf2 b6 13. hxg5 hxg5 14. Rxh8 Qxh8 15. Nxg5 Qh1+ 16. Ke2 0-0-0 17. b3 f5 18. e5 Ne7 19. Bb2 Qh5+ 20. Nf3 Nd5 21. Kd2 Ne3 22. Rg1 Rg8 23. Ne1 Qd1+ 24. Kc3 Qb1 25. Ba3 Nd1+ 0-1

[Event "Verbandsliga Nord Baden 1112"]
[Site "Germany"]
[Date "2012.03.25"]
[Round "8.8"]
[White "Malheur, Fabian"]
[Black "Schulenburg, Bernd"]
[Result "1-0"]
[WhiteElo "2012"]
[BlackElo "2197"]
[PlyCount "65"]
[EventDate "2011.10.09"]
[EventType "team-tourn"]
[EventRounds "9"]
[EventCountry "GER"]
[SourceTitle "EXT 2013"]
[Source "ChessBase"]
[SourceDate "2012.11.22"]
[SourceVersion "1"]
[SourceVersionDate "2012.11.22"]
[SourceQuality "1"]
[WhiteTeam "Birkenfeld"]
[BlackTeam "Heidelberg"]
[WhiteTeamCountry "GER"]
[BlackTeamCountry "GER"]

1. e4 e5 2. f4 d6 3. Nf3 Nc6 4. Bc4 Be7 5. 0-0 Nf6 6. Nc3 Bg4 7. h3 Bxf3 8. Rxf3 Nd4 9. Rf1 c6 10. d3 b5 11. Bb3 a5 12. a4 Nxb3 13. cxb3 Qb6+ 14. Kh1 b4 15. Ne2 0-0 16. Ng3 Rfe8 17. Nf5 Bf8 18. fxe5 dxe5 19. Nh6+ Kh8 20. Nxf7+ Kg8 21. Ng5 Rad8 22. Qc2 Qc5 23. Qe2 Qd6 24. Rd1 h6 25. Nf3 Nh5 26. Kh2 Qf6 27. g3 g6 28. Be3 Bd6 29. Bxh6 Rd7 30. Rf1 Qd8 31. Qc2 Rh7 32. Qc4+ Kh8 33. Ng5 1-0

[Event "Verbandsliga Nord Baden 1112"]
[Site "Germany"]
[Date "2011.12.11"]
[Round "4.5"]
[White "Dushatskiy, Fedor"]
[Black "Schulenburg, Bernd"]
[Result "1-0"]
[WhiteElo "2218"]
[BlackElo "2197"]
[PlyCount "118"]
[EventDate "2011.10.09"]
[EventType "team-tourn"]
[EventRounds "9"]
[EventCountry "GER"]
[SourceTitle "EXT 2013"]
[Source "ChessBase"]
[SourceDate "2012.11.22"]
[SourceVersion "1"]
[SourceVersionDate "2012.11.22"]
[SourceQuality "1"]
[WhiteTeam "Hockenheim II"]
[BlackTeam "Heidelberg"]
[WhiteTeamCountry "GER"]
[BlackTeamCountry "GER"]

1. d4 Nf6 2. Nf3 e6 3. c4 b6 4. Nc3 Bb7 5. Bg5 h6 6. Bh4 g5 7. Bg3 Bb4 8. Nd2 Bxc3 9. bxc3 d6 10. f3 Nbd7 11. e4 Qe7 12. Bf2 Nh5 13. Qa4 c5 14. 0-0-0 Kd8 15. g3 Kc7 16. Be2 Ng7 17. Rhe1 Rhd8 18. f4 Rac8 19. Kc2 Kb8 20. d5 Rc7 21. Bd3 e5 22. fxg5 hxg5 23. Nf1 Nf6 24. Ne3 Bc8 25. Rb1 Ng4 26. Bg1 Rh8 27. Nxg4 Bxg4 28. Be2 Bh3 29. Bd3 f5 30. exf5 Nxf5 31. Kd2 Nh6 32. Qd1 Bg4 33. Qc2 Rf8 34. Rf1 Bh3 35. Rxf8+ Qxf8 36. a4 Rb7 37. a5 Qf7 38. axb6 Rxb6 39. Rxb6+ axb6 40. Qb1 Kb7 41. Bg6 Qe7 42. Be3 Ng4 43. Qb5 Nxe3 44. Qc6+ Ka7 45. Kxe3 Bf1 46. Be8 g4 47. Kd2 Qh7 48. Kc1 Qh6+ 49. Kd1 Qh7 50. Qd7+ Qxd7 51. Bxd7 Bxc4 52. Bxg4 b5 53. Be6 b4 54. g4 b3 55. Bf5 Bxd5 56. g5 e4 57. g6 e3 58. Ke2 b2 59. Bb1 Kb6 1-0

[Event "Oberliga Baden 1011"]
[Site "Baden"]
[Date "2011.02.27"]
[Round "7.7"]
[White "Schulenburg, Bernd"]
[Black "Bellahcene, Bilel"]
[Result "1/2-1/2"]
[WhiteElo "2197"]
[BlackElo "2137"]
[PlyCount "75"]
[EventDate "2010.10.10"]
[EventType "team-tourn"]
[EventRounds "9"]
[EventCountry "GER"]
[SourceTitle "EXT 2012"]
[Source "ChessBase"]
[SourceDate "2011.11.24"]
[SourceVersion "1"]
[SourceVersionDate "2011.11.24"]
[SourceQuality "1"]
[WhiteTeam "Heidelberg II"]
[BlackTeam "Baden-Baden III"]
[WhiteTeamCountry "GER"]
[BlackTeamCountry "GER"]

1. e4 c5 2. Nf3 Nc6 3. d4 cxd4 4. Nxd4 g6 5. Nc3 Bg7 6. Be3 Nf6 7. Be2 0-0 8. 0-0 d6 9. Qd2 Bd7 10. f3 Nxd4 11. Bxd4 Bc6 12. Nd5 Bxd5 13. exd5 Nd7 14. Rae1 Bxd4+ 15. Qxd4 Qb6 16. Qxb6 Nxb6 17. c4 Rfc8 18. b3 a5 19. f4 a4 20. Bg4 Re8 21. Re3 axb3 22. axb3 h5 23. Bd1 Nd7 24. Kf2 Ra2+ 25. Re2 Rea8 26. Rfe1 Nc5 27. Ke3 R8a3 28. Rxa2 Rxa2 29. Re2 Rxe2+ 30. Kxe2 Kg7 31. Ke3 Kf6 32. Bc2 b6 33. g3 Na6 34. h4 Kg7 35. Kd4 Kf6 36. Be4 Nc5 37. Bc2 Na6 38. Be4 1/2-1/2

[Event "Oberliga Baden 1011"]
[Site "Baden"]
[Date "2011.02.06"]
[Round "6.7"]
[White "Mueller, Rudolf"]
[Black "Schulenburg, Bernd"]
[Result "1-0"]
[WhiteElo "2211"]
[BlackElo "2197"]
[PlyCount "87"]
[EventDate "2010.10.10"]
[EventType "team-tourn"]
[EventRounds "9"]
[EventCountry "GER"]
[SourceTitle "EXT 2012"]
[Source "ChessBase"]
[SourceDate "2011.11.24"]
[SourceVersion "1"]
[SourceVersionDate "2011.11.24"]
[SourceQuality "1"]
[WhiteTeam "Karlsruhe"]
[BlackTeam "Heidelberg II"]
[WhiteTeamCountry "GER"]
[BlackTeamCountry "GER"]

1. e4 e5 2. Nf3 Nc6 3. d4 exd4 4. Bc4 Nf6 5. 0-0 Bc5 6. e5 d5 7. Bb5 Ne4 8. Bxc6+ bxc6 9. Nxd4 Bxd4 10. Qxd4 f5 11. f3 Ng5 12. Bxg5 Qxg5 13. f4 Qe7 14. Nd2 a5 15. Nb3 Be6 16. Qc3 Ra6 17. Rad1 Kf7 18. Rd4 Rb8 19. Rf3 c5 20. Qxc5 Qxc5 21. Nxc5 Rc6 22. Nb3 Rxc2 23. Rc3 Rxc3 24. bxc3 Rb6 25. Ra4 Rc6 26. Rxa5 Rxc3 27. Rc5 Rc4 28. Rxc4 dxc4 29. Nc1 Ke7 30. Kf2 Kd7 31. Ke3 Kc6 32. Kd4 Kb5 33. Kc3 c5 34. Ne2 Kc6 35. Ng3 g6 36. Nf1 Kd5 37. Nd2 g5 38. g3 gxf4 39. gxf4 h6 40. a4 Bd7 41. Nxc4 Ke4 42. a5 Kxf4 43. a6 Bc6 44. h4 1-0

[Event "Verbandsliga Nord Baden 0910"]
[Site "Germany"]
[Date "2010.04.25"]
[Round "9.4"]
[White "Schulenburg, Bernd"]
[Black "Schwab, Markus"]
[Result "1/2-1/2"]
[WhiteElo "2197"]
[BlackElo "2141"]
[PlyCount "70"]
[EventDate "2009.10.11"]
[EventType "team-tourn"]
[EventRounds "9"]
[EventCountry "GER"]
[SourceTitle "EXT 2011"]
[Source "ChessBase"]
[SourceDate "2010.11.26"]
[SourceVersion "1"]
[SourceVersionDate "2010.11.26"]
[SourceQuality "1"]
[WhiteTeam "Heidelberg II"]
[BlackTeam "Mosbach"]
[WhiteTeamCountry "GER"]
[BlackTeamCountry "GER"]

1. e4 e6 2. d4 d5 3. Nd2 c5 4. exd5 Qxd5 5. Ngf3 cxd4 6. Bc4 Qd6 7. 0-0 Nf6 8. Nb3 Nc6 9. Nbxd4 Nxd4 10. Nxd4 a6 11. a4 Qc7 12. Be2 Bd6 13. g3 h5 14. Bf3 h4 15. Qe2 hxg3 16. hxg3 Bd7 17. Nf5 Bc6 18. Nxd6+ Qxd6 19. Rd1 Bxf3 20. Qxf3 Qc6 21. Qxc6+ bxc6 22. Be3 Rh5 23. Rd6 Rc8 24. c4 Ne4 25. Rd3 Nc5 26. Bxc5 Rxc5 27. b3 Rd8 28. Rad1 Rxd3 29. Rxd3 Ke7 30. Kf1 Rh5 31. Ke2 Rh1 32. Kd2 c5 33. Ke3 Re1+ 34. Kd2 Rb1 35. Kc3 Rc1+ 1/2-1/2

[Event "Verbandsliga Nord Baden 0910"]
[Site "Germany"]
[Date "2010.03.28"]
[Round "8.5"]
[White "Schulenburg, Bernd"]
[Black "Mueller, Erich2222"]
[Result "1/2-1/2"]
[WhiteElo "2197"]
[BlackElo "2161"]
[PlyCount "119"]
[EventDate "2009.10.11"]
[EventType "team-tourn"]
[EventRounds "9"]
[EventCountry "GER"]
[SourceTitle "EXT 2011"]
[Source "ChessBase"]
[SourceDate "2010.11.26"]
[SourceVersion "1"]
[SourceVersionDate "2010.11.26"]
[SourceQuality "1"]
[WhiteTeam "Heidelberg II"]
[BlackTeam "Ladenburg"]
[WhiteTeamCountry "GER"]
[BlackTeamCountry "GER"]

1. e4 c5 2. Nf3 e6 3. d4 cxd4 4. Nxd4 Nf6 5. Nc3 Nc6 6. Be3 Bb4 7. Qd3 0-0 8. Be2 d5 9. exd5 Nxd5 10. Nxc6 bxc6 11. Bd2 Nxc3 12. Bxc3 Qa5 13. 0-0 Bxc3 14. Qxc3 Qxc3 15. bxc3 e5 16. Bf3 Be6 17. Rfe1 f6 18. Bxc6 Rac8 19. Ba4 Rxc3 20. f4 Ra3 21. Bb3 Re8 22. fxe5 Bxb3 23. axb3 Rxe5 24. Kf2 Rxa1 25. Rxa1 a5 26. Rd1 Kf7 27. Rd7+ Kg6 28. c4 a4 29. bxa4 Rc5 30. Rd4 Ra5 31. Ke3 Rxa4 32. c5 Ra7 33. Rc4 Kf7 34. c6 Ra8 35. Kd4 Ke7 36. Kc5 Kd8 37. Rd4+ Kc8 38. Rd7 Ra2 39. Rxg7 h5 40. Kd6 Rd2+ 41. Ke6 Rf2 42. h4 f5 43. Kd6 Rd2+ 44. Ke5 Rf2 45. g3 Rf3 46. Rg5 Kc7 47. Rxh5 Rxg3 48. Rh6 Rf3 49. h5 f4 50. Ke4 Rf1 51. Rf6 f3 52. Rxf3 Rh1 53. Rf5 Kxc6 54. Ke5 Kd7 55. Kf6 Ke8 56. Kg7 Rg1+ 57. Kh7 Rg2 58. Rf6 Ke7 59. Rg6 Rh2 60. h6 1/2-1/2

[Event "Verbandsliga Nord Baden 0809"]
[Site "Germany"]
[Date "2008.11.30"]
[Round "4.6"]
[White "Mueller, Erich2222"]
[Black "Schulenburg, Bernd"]
[Result "1/2-1/2"]
[WhiteElo "2160"]
[BlackElo "2206"]
[PlyCount "33"]
[EventDate "2008.09.28"]
[EventType "team"]
[EventRounds "9"]
[EventCountry "GER"]
[SourceTitle "EXT 2010"]
[Source "ChessBase"]
[SourceDate "2010.11.25"]
[SourceVersion "1"]
[SourceVersionDate "2010.11.25"]
[SourceQuality "1"]
[WhiteTeam "Ladenburg"]
[BlackTeam "Heidelberg II"]
[WhiteTeamCountry "GER"]
[BlackTeamCountry "GER"]

1. c4 d6 2. Nc3 e5 3. e4 Nc6 4. d3 g6 5. Be2 Bg7 6. h4 Be6 7. Nh3 h6 8. h5 Qd7 9. Be3 0-0-0 10. Qa4 Kb8 11. Nb5 a6 12. Na3 Nd4 13. Qxd7 Bxd7 14. Bxd4 exd4 15. hxg6 fxg6 16. Nf4 Ne7 17. Nd5 1/2-1/2

[Event "Verbandsliga Nord Baden 0506"]
[Site "Germany"]
[Date "2006.01.15"]
[Round "5.1"]
[White "Schulenburg, Bernd"]
[Black "Haas, Frank Martin"]
[Result "1-0"]
[WhiteElo "2220"]
[BlackElo "2192"]
[PlyCount "55"]
[EventDate "2005.10.16"]
[EventType "team"]
[EventRounds "9"]
[EventCountry "GER"]
[SourceTitle "EXT 2007"]
[Source "ChessBase"]
[SourceDate "2006.11.23"]
[SourceVersion "1"]
[SourceVersionDate "2006.11.23"]
[SourceQuality "1"]
[WhiteTeam "Heidelberg Handschuhsheim II"]
[BlackTeam "Walldorf"]
[WhiteTeamCountry "GER"]
[BlackTeamCountry "GER"]

1. e4 d5 2. exd5 Qxd5 3. Nc3 Qa5 4. d4 c6 5. Bc4 Bf5 6. Nf3 e6 7. 0-0 Nf6 8. Re1 Nbd7 9. Bf4 Bb4 10. Bd2 0-0 11. a3 Bxc3 12. Bxc3 Qc7 13. b4 b5 14. Bd3 Bxd3 15. Qxd3 Rfd8 16. Bd2 h6 17. h3 a6 18. Qe2 Nd5 19. Rad1 N7b6 20. Qe4 Qd6 21. Qg4 Nf6 22. Qh4 Nfd5 23. Ne5 Nd7 24. Nd3 N7b6 25. Ne5 Nd7 26. c4 Ne7 27. c5 Nf5 28. Qxd8+ 1-0

[Event "Verbandsliga Nord Baden 0405"]
[Site "Germany"]
[Date "2004.12.05"]
[Round "4.3"]
[White "Schulenburg, Bernd"]
[Black "Heuser, Philip"]
[Result "1-0"]
[WhiteElo "2220"]
[BlackElo "2034"]
[PlyCount "101"]
[EventDate "2004.10.10"]
[EventType "team"]
[EventRounds "9"]
[EventCountry "GER"]
[SourceTitle "EXT 2007"]
[Source "ChessBase"]
[SourceDate "2006.11.23"]
[SourceVersion "1"]
[SourceVersionDate "2006.11.23"]
[SourceQuality "1"]
[WhiteTeam "Heidelberg II"]
[BlackTeam "Kirchheim II"]
[WhiteTeamCountry "GER"]
[BlackTeamCountry "GER"]

1. e4 d5 2. exd5 Qxd5 3. d4 e5 4. Nf3 Nc6 5. Nc3 Bb4 6. Bd2 Bxc3 7. Bxc3 e4 8. Nd2 Nf6 9. Bc4 Qg5 10. Qe2 0-0 11. 0-0 Re8 12. f3 exf3 13. Qxf3 Bg4 14. Qf4 Qxf4 15. Rxf4 Rad8 16. Raf1 Be2 17. Bxe2 Rxe2 18. R1f2 Rxf2 19. Kxf2 Nd5 20. Re4 Nxc3 21. bxc3 f5 22. Re1 Kf7 23. Nf3 h6 24. h4 g6 25. Kg3 Kf6 26. Kf4 Rd7 27. Rb1 b6 28. Re1 Re7 29. Rxe7 Nxe7 30. c4 g5+ 31. Ke3 Nc6 32. c3 g4 33. Nd2 Nd8 34. g3 Ne6 35. Nb3 Ng7 36. Nc1 Nh5 37. Ne2 Ke6 38. Nf4+ Nxf4 39. Kxf4 h5 40. Kg5 a6 41. Kxh5 Kf6 42. a3 b5 43. c5 c6 44. d5 cxd5 45. c6 Ke7 46. Kg5 d4 47. cxd4 a5 48. c7 Kd7 49. h5 b4 50. axb4 axb4 51. h6 1-0

[Event "Oberliga Ost-A 0304"]
[Site "Germany"]
[Date "2004.04.25"]
[Round "11.6"]
[White "Greger, Ubald"]
[Black "Schulenburg, Bernd"]
[Result "0-1"]
[WhiteElo "2076"]
[BlackElo "2198"]
[PlyCount "67"]
[EventDate "2003.11.02"]
[EventType "team-tourn"]
[EventRounds "11"]
[EventCountry "GER"]
[SourceTitle "EXT 2005"]
[Source "ChessBase"]
[SourceDate "2004.11.15"]
[SourceVersion "1"]
[SourceVersionDate "2004.11.15"]
[SourceQuality "1"]
[WhiteTeam "Leipzig Lok II"]
[BlackTeam "Magdeburg USC"]
[WhiteTeamCountry "GER"]
[BlackTeamCountry "GER"]

1. e4 e5 2. Nf3 Nc6 3. Be2 Nf6 4. d3 d5 5. Nbd2 Bc5 6. c3 dxe4 7. dxe4 a6 8. 0-0 0-0 9. b4 Ba7 10. a3 Qe7 11. Qc2 Bg4 12. h3 Bh5 13. g3 h6 14. Re1 g5 15. h4 Ng4 16. Rf1 Rad8 17. hxg5 hxg5 18. Nc4 f6 19. Be3 Nxe3 20. Nxe3 Bxe3 21. fxe3 Qh7 22. Kg2 Rd6 23. Bc4+ Kg7 24. Rh1 Qg6 25. Rhf1 Rfd8 26. Rf2 Ne7 27. Nh2 Bd1 28. Qb1 Ba4 29. Be2 Rd2 30. Ng4 Bc2 31. Qf1 Bxe4+ 32. Kg1 Ng8 33. Bf3 Bxf3 34. Rxf3 0-1